01428nam a22001697a 4500003000500000005001700005008004100022020001800063050002000081245006700101250001300168260005100181300003000232520091800262650004401180650003401224SISC20160617171201.0160616b xxu||||| |||| 00| 0 eng d a9789814453271 aQA 43 C518 2013 a101 must-know challenging maths word problems /cJoylynn Cheng a1st ed.  aSingapore :bSingapore Asia Publishers c2013. a101 p. :bill. ;c26 cm.  a101 Must-Know Challenging Maths Word Problems for Primary 6 presents word problems that test on important concepts so students can learn to apply general mathematical problem-solving strategies and heuristics confidently. This book comprises word problems often encountered by students in their tests and examinations. The questions are categorized into respective topics in accordance with the current Primary Mathematics Syllabus. Detailed step-by-step workings are included in the answer key for every question to show how a problem is solved. Diagrams and mathematical models are provided in most solutions to aid students in understanding the problem-solving processes. This set of comprehensive word problems will alow students to develop and hone creative and critical thinking skills. Students will find this book useful as a resource for good maths questions and a reference for problem-solving methods.  aMathematics--Problems, exercises, etc.  aWord problems (Mathematics).